00374nam a2200109Ia 4500008004100000041000800041082001600049100003900065245007800104260006300182300001900245241028s9999 xx 000 0 und d aeng a808.066 ASS aAmerican Psychological Association aPublication Manual Of The American Psychological Association, 7th Edition bAmerican Psychological Association (Apa)aWashingtonc2023 a427;. P. 23 cm